Statistics for Every NFL Hall of Famer (1963-2024)

Click here to take the quiz!

General Stats

  • This quiz has been taken 25 times
  • The average score is 79 of 378

Answer Stats

HintAnswer% Correct
Cleveland Browns
RB
Jim Brown
82%
Oakland Raiders
CB
Willie Brown
82%
Cleveland Browns
Founder
Paul Brown
77%
Indianapolis Colts
QB
Peyton Manning
77%
Oakland Raiders
WR
Tim Brown
77%
Houston Texans
WR
Andre Johnson
73%
Detroit Lions
WR
Calvin Johnson
73%
Los Angeles Rams
Defensive End
Deacon Jones
73%
Dallas Cowboys
RB
Emmitt Smith
73%
Detroit Lions
RB
Barry Sanders
68%
Buffalo Bills
Defensive End
Bruce Smith
68%
Chicago Bears
Return Specialist
Devin Hester
68%
Baltimore Ravens
Safety
Ed Reed
68%
St. Louis Cardinals
TE
Jackie Smith
68%
Dallas Cowboys
Owner
Jerry Jones
68%
Dallas Cowboys
Coach
| San Francisco 49ers
CB
Jimmy Johnson
68%
Green Bay Packers
Defensive End
Reggie White
68%
New Orleans Saints
LB
Rickey Jackson
68%
Seattle Seahawks
Tackle
Walter Jones
68%
Buffalo Bills
WR
Andre Reed
64%
Green Bay Packers
QB
Brett Favre
64%
Atlanta Falcons
DB
Deion Sanders
64%
New York Giants
Defensive End
Lawrence Taylor
64%
Oakland Raiders
RB
Marcus Allen
64%
Dallas Cowboys
DT
Randy White
64%
Chicago Bears
RB
Walter Payton
64%
Washington Redskins
DB
Darrell Green
59%
Pittsburgh Steelers
FB
Franco Harris
59%
Miami Dolphins
Defensive End
Jason Taylor
59%
San Francisco 49ers
WR
Jerry Rice
59%
Green Bay Packers
FB
Jim Taylor
59%
Dallas Cowboys
Tackle
Larry Allen
59%
Minnesota Vikings
WR
Randy Moss
59%
Baltimore Ravens
LB
Ray Lewis
59%
Washington Redskins
WR
Charley Taylor
55%
Miami Dolphins
QB
Dan Marino
55%
Chicago Bears
LB
Dick Butkus
55%
San Francisco 49ers
QB
Joe Montana
55%
Los Angeles Rams
LB
Kevin Greene
55%
Kansas City Chiefs
TE
Tony Gonzalez
55%
Chicago Bears
LB
Brian Urlacher
50%
Green Bay Packers
DB
Charles Woodson
50%
Kansas City Chiefs
LB
Derrick Thomas
50%
Denver Broncos
QB
John Elway
50%
Dallas Cowboys
WR
Michael Irvin
50%
Tampa Bay Buccaneers
DB
Rondé Barber
50%
Buffalo Bills
RB
Thurman Thomas
50%
Dallas Cowboys
QB
Troy Aikman
50%
Arizona Cardinals
DB
Aeneas Williams
45%
Cincinnati Bengals
Tackle
Anthony Muñoz
45%
Green Bay Packers
QB
Bart Starr
45%
Indianapolis Colts
RB
Edgerrin James
45%
Buffalo Bills
QB
Jim Kelly
45%
Cleveland Browns
Tackle
Joe Thomas
45%
Los Angeles Rams
QB
Kurt Warner
45%
San Diego Chargers
RB
LaDainian Tomlinson
45%
Cleveland Browns
QB
Otto Graham
45%
Pittsburgh Steelers
DB
Rod Woodson
45%
San Francisco 49ers
QB
Steve Young
45%
San Francisco 49ers
WR
Terrell Owens
45%
Pittsburgh Steelers
QB
Terry Bradshaw
45%
Miami Dolphins
LB
Zach Thomas
45%
Minnesota Vikings
DT
Alan Page
41%
Pittsburgh Steelers
Coach
Chuck Noll
41%
New York Jets
RB
Curtis Martin
41%
New York Jets
CB
Darrelle Revis
41%
Houston Oilers
RB
Earl Campbell
41%
Oakland Raiders
Coach
John Madden
41%
Baltimore Colts
QB
Johnny Unitas
41%
Oakland Raiders
QB
Ken Stabler
41%
Miami Dolphins
FB
Larry Csonka
41%
St. Louis Cardinals
Safety
Larry Wilson
41%
Cleveland Browns
RB
Leroy Kelly
41%
Los Angeles Rams
RB
Marshall Faulk
41%
Indianapolis Colts
WR
Marvin Harrison
41%
New York Giants
Defensive End
Michael Strahan
41%
Chicago Bears
LB
Mike Singletary
41%
New Orleans Saints
Kicker
Morten Andersen
41%
New York Giants
Tackle
Steve Owen
41%
Denver Broncos
RB
Terrell Davis
41%
Dallas Cowboys
Coach
Tom Landry
41%
Houston Oilers
QB
Warren Moon
41%
Green Bay Packers
Defensive End
Willie Davis
41%
Miami Dolphins
QB
Bob Griese
36%
Minnesota Vikings
WR
Cris Carter
36%
Tampa Bay Buccaneers
LB
Derrick Brooks
36%
Miami Dolphins
Coach
Don Shula
36%
Chicago Bears
FB
Gale Sayers
36%
Pittsburgh Steelers
RB
Jerome Bettis
36%
Carolina Panthers
Defensive End
Julius Peppers
36%
Pittsburgh Steelers
WR
Lynn Swann
36%
Pittsburgh Steelers
Center
Mike Webster
36%
Buffalo Bills
RB
OJ Simpson
36%
Washington Redskins
QB
Sammy Baugh
36%
Green Bay Packers
Coach
Vince Lombardi
36%
Tampa Bay Buccaneers
DT
Warren Sapp
36%
Washington Redskins
WR
Art Monk
32%
Oakland Raiders
Tackle
Art Shell
32%
San Diego Chargers
QB
Dan Fouts
32%
Minnesota Vikings
QB
Fran Tarkenton
32%
St. Louis Rams
WR
Isaac Bruce
32%
Pittsburgh Steelers
LB
Jack Ham
32%
New York Jets
QB
Joe Namath
32%
San Diego Chargers
TE
Kellen Winslow
32%
Tampa Bay Buccaneers
Defensive End
Lee Roy Selmon
32%
Kansas City Chiefs
QB
Len Dawson
32%
Pittsburgh Steelers
CB
Mel Blount
32%
Chicago Bears
TE
Mike Ditka
32%
Los Angeles Rams
QB
Norm Van Brocklin
32%
San Francisco 49ers
Safety
Ronnie Lott
32%
Seattle Seahawks
WR
Steve Largent
32%
Dallas Cowboys
RB
Tony Dorsett
32%
New York Giants
Coach
Bill Parcells
27%
Kansas City Chiefs
LB
Bobby Bell
27%
Houston Oilers
Offensive Lineman
Bruce Matthews
27%
Oakland Raiders
WR
Fred Biletnikoff
27%
Philadelphia Eagles
WR
Harold Carmichael
27%
Pittsburgh Steelers
LB
Jack Lambert
27%
Kansas City Chiefs
Kicker
Jan Stenerud
27%
Washington Redskins
Coach
Joe Gibbs
27%
New England Patriots
Guard
John Hannah
27%
Minnesota Vikings
DT
John Randle
27%
Baltimore Ravens
Tackle
Jonathan Ogden
27%
Los Angeles Rams
DT
Merlin Olsen
27%
Detroit Lions
CB
Night Train Lane
27%
St. Louis Rams
Tackle
Orlando Pace
27%
San Francisco 49ers
LB
Patrick Willis
27%
Baltimore Colts
End
Raymond Berry
27%
Chicago Bears
Defensive End
Richard Dent
27%
Dallas Cowboys
QB
Roger Staubach
27%
Denver Broncos
TE
Shannon Sharpe
27%
Indianapolis Colts
Coach
Tony Dungy
27%
New York Giants
QB
Y.A. Tittle
27%
Pittsburgh Steelers
Owner/Founder
Art Rooney
23%
Pittsburgh Steelers
Coach
Bill Cowher
23%
San Francisco 49ers
Coach
Bill Walsh
23%
Pittsburgh Steelers
QB
Bobby Layne
23%
Philadelphia Eagles
LB
Chuck Bednarik
23%
Seattle Seahawks
DT
Cortez Kennedy
23%
Dallas Cowboys
Defensive End
DeMarcus Ware
23%
Philadelphia Eagles
Coach
Dick Vermeil
23%
Detroit Lions
RB
Doak Walker
23%
Green Bay Packers
WR
Don Hutson
23%
Indianapolis Colts
Defensive End
Dwight Freeney
23%
Denver Broncos
FB
Floyd Little
23%
Green Bay Packers
Tackle
Forrest Gregg
23%
Oakland Raiders
Guard
Gene Upshaw
23%
Oakland Raiders
QB
George Blanda
23%
Chicago Bears
Owner
George Halas
23%
Kansas City Chiefs
Coach
Hank Stram
23%
Oakland Raiders
Center
Jim Otto
23%
Canton Bulldogs
RB/QB
Jim Thorpe
23%
Washington Redskins
FB
John Riggins
23%
Houston Oilers
Safety
Ken Houston
23%
Baltimore Colts
RB
Lenny Moore
23%
Buffalo Bills
Coach
Marv Levy
23%
Minnesota Vikings
Guard
Randall McDaniel
23%
Oakland Raiders
Punter
Ray Guy
23%
Jacksonville Jaguars
Tackle
Tony Boselli
23%
New England Patriots
DB
Ty Law
23%
Chicago Bears
RB/QB
Bronko Nagurski
18%
Minnesota Vikings
Coach
Bud Grant
18%
Denver Broncos
CB
Champ Bailey
18%
San Francisco 49ers
Defensive End
Charles Haley
18%
Chicago Bears
LB
Chuck Howley
18%
Dallas Cowboys
WR
Drew Pearson
18%
Los Angeles Rams
RB
Elroy Hirsch
18%
New York Giants
LB
Harry Carson
18%
Los Angeles Rams
Defensive End
Jack Youngblood
18%
Tampa Bay Buccaneers
DB
John Lynch
18%
Pittsburgh Steelers
WR
John Stallworth
18%
San Diego Chargers
LB
Junior Seau
18%
Kansas City Chiefs
Owner
Lamar Hunt
18%
Oakland Raiders
CB
Mike Haynes
18%
Cleveland Browns
TE
Ozzie Newsome
18%
Green Bay Packers
RB
Paul Hornung
18%
Green Bay Packers
LB
Ray Nitschke
18%
Chicago Bears
QB
Sid Luckman
18%
Philadelphia Eagles
RB
Steve Van Buren
18%
Oakland Raiders
LB
Ted Hendricks
18%
New England Patriots
LB
Andre Tippett
14%
Dallas Cowboys
DT
Bob Lilly
14%
San Diego Chargers
WR
Charlie Joiner
14%
Minnesota Vikings
LB
Chris Doleman
14%
Oakland Raiders
WR
Cliff Branch
14%
Chicago Bears
Defensive Lineman
Dan Hampton
14%
Los Angeles Rams
Coach
Dan Reeves
14%
Oakland Raiders
TE
Dave Casper
14%
Miami Dolphins
Center
Dwight Stephenson
14%
New York Giants
RB
Frank Gifford
14%
Baltimore Colts
Tackle
Gino Marchetti
14%
Los Angeles Rams
Tackle
Jackie Slater
14%
San Francisco 49ers
FB
Joe Perry
14%
Baltimore Colts
TE
John Mackey
14%
Seattle Seahawks
DB
Kenny Easley
14%
San Diego Chargers
WR
Lance Alworth
14%
Cleveland Browns
FB
Marion Motley
14%
Cleveland Browns
WR
Paul Warfield
14%
Denver Broncos
LB
Randy Gradishar
14%
Denver Broncos
Safety
Steve Atwater
14%
Minnesota Vikings
Guard
Steve Hutchinson
14%
Oakland Raiders
Coach
Tom Flores
14%
Kansas City Chiefs
LB
Willie Lanier
14%
Pittsburgh Steelers
Guard
Alan Faneca
9%
Chicago Bears
LB
Bill George
9%
Dallas Cowboys
WR
Bob Hayes
9%
Philadelphia Eagles
DB
Brian Dawkins
9%
St. Louis Cardinals
Tackle
Dan Dierdorf
9%
Chicago Bears
Guard
Dan Fortmann
9%
Cleveland Browns
Defensive End
Doug Atkins
9%
New York Giants
Safety
Emlen Tunnell
9%
Washington Redskins
Coach
George Allen
9%
Dallas Cowboys
CB
Herb Adderley
9%
San Francisco 49ers
RB
Hugh McElhenny
9%
Green Bay Packers
WR
James Lofton
9%
Baltimore Colts
Tackle
Jim Parker
9%
New York Jets
Center
Kevin Mawae
9%
Green Bay Packers
DB
LeRoy Butler
9%
Minnesota Vikings
Center
Mick Tingelhoff
9%
Los Angeles Rams
RB
Ollie Matson
9%
Minnesota Vikings
Safety
Paul Krause
9%
New England Patriots
DT
Richard Seymour
9%
Washington Redskins
Guard
Russ Grimm
9%
Chicago Bears
DT
Steve McMichael
9%
Dallas Cowboys
GM
Tex Schramm
9%
Pittsburgh Steelers
Safety
Troy Polomalu
9%
Baltimore Colts
Coach
Weeb Ewbank
9%
New York Giants
Owner
Wellington Mara
9%
New Orleans Saints
Tackle
Willie Roaf
9%
Kansas City Chiefs
Tackle
Will Shields
9%
Detroit Lions
DT
Alex Karras
5%
New York Giants
QB
Arnie Herber
5%
NFL
Official
Art McNally
5%
NFL
Commissioner
Bert Bell
5%
Chicago Bears
Defensive End
Bill Hewitt
5%
Los Angeles Rams
QB
Bob Waterfield
5%
New York Giants
LB
Cal Hubbard
5%
Minnesota Vikings
Defensive End
Carl Eller
5%
Chicago Cardinals
RB
Charley Trippi
5%
Detroit Lions
TE
Charlie Sanders
5%
Kansas City Chiefs
DT
Curley Culp
5%
Pittsburgh Steelers
Owner
Dan Rooney
5%
Pittsburgh Steelers
Center
Dermontti Dawson
5%
Detroit Lions
DB
Dick LeBeau
5%
New York Jets
WR
Don Maynard
5%
Portsmouth Spartans
RB
Earl Clark
5%
Houston Oilers
Defensive End
Elvin Bethea
5%
Kansas City Chiefs
DB
Emmitt Thomas
5%
Washington Redskins
Owner
George Preston Marshall
5%
Dallas Cowboys
Contributor
Gil Brandt
5%
Chicago Bears
RB
Harold Grange
5%
Oakland Raiders
Defensive End
Howie Long
5%
Detroit Lions
Safety
Jack Christiansen
5%
Chicago Bears
Tackle
Jimbo Covert
5%
Miami Dolphins
Center
Jim Langer
5%
Detroit Lions
LB
Joe Schmidt
5%
Chicago Bears
Drop Kicker
John Driscoll
5%
Pittsburgh Steelers
FB
John Henry Johnson
5%
Kansas City Chiefs
DB
Johnny Robinson
5%
Kansas City Chiefs
DT
Junious Buchanan
5%
Cincinnati Bengals
DB
Ken Riley
5%
Miami Dolphins
Guard
Larry Little
5%
Detroit Lions
CB
Lem Barney
5%
Cleveland Browns
Tackle
Lou Groza
5%
Pittsburgh Steelers
DT
Mean Joe Greene
5%
New York Giants
Center
Mel Hein
5%
Dallas Cowboys
CB
Mel Renfro
5%
New England Patriots
LB
Nick Buoniconti
5%
Denver Broncos
Contributor
Pat Bowlen
5%
NFL CommissionerPete Rozelle
5%
Houston Oilers
LB
Robert Brazile
5%
Minnesota Vikings
Tackle
Ron Yary
5%
New York Giants
Tackle
Roosevelt Brown
5%
New Orleans Saints
LB
Sam Mills
5%
New York Giants
Owner
Tim Mara
5%
Los Angeles Rams
End
Tom Fears
5%
Philadelphia Eagles
WR
Tommy McDonald
5%
Green Bay Packers
Safety
Willie Wood
5%
Washington Redskins
Tackle
Albert Glen Edwards
0%
League AdministorAl Davis
0%
Philadelphia Eagles
Center
Alex Wojciechowicz
0%
New York Giants
FB
Alphonse Leemans
0%
New York Giants
Defensive End
Andy Robustelli
0%
New York Giants
DT
Arnie Weinmeister
0%
Baltimore Colts
DT
Art Donovan
0%
Cleveland Bulldogs
QB
Benny Friedman
0%
Washington Redskins
Safety
Bill Dudley
0%
Pittsburgh Steelers
Contributor
Bill Nunn
0%
Buffalo Bills
Contributor
Bill Polian
0%
Cleveland Browns
Guard
Bill Willis
0%
Buffalo Bills
Guard
Billy Shaw
0%
Philadelphia Eagles
Tackle
Bob Brown
0%
Washington Redskins
GM
Bobby Beathard
0%
Green Bay Packers
Safety
Bobby Dillon
0%
Washington Redskins
RB
Bobby Mitchell
0%
San Francisco 49ers
Tackle
Bob St. Clair
0%
San Francisco 49ers
Defensive End
Bryant Young
0%
Chicago Cardinals
Owner
Charles W. Bidwill, Sr.
0%
Washington Redskins
LB
Chris Hanburger
0%
Brooklyn Dodgers
Safety
Clarence Parker
0%
Green Bay Packers
FB
Clarke Hinkle
0%
Atlanta Falcons
Defensive End
Claude Humphrey
0%
Washington Redskins
RB
Cliff Battles
0%
Dallas Cowboys
DB
Cliff Harris
0%
Chicago Bears
Center
Clyde Turner
0%
Cleveland Browns
End
Dante Lavelli
0%
Green Bay Packers
LB
Dave Robinson
0%
San Francisco 49ers
LB
Dave Wilcox
0%
Detroit Lions
Guard
Dick Stanfel
0%
St. Louis Cardinals
Coach
Don Coryell
0%
Pittsburgh Steelers
DB
Donnie Shell
0%
Chicago Cardinals
Tackle
Duke Slater
0%
Philadelphia Eagles
Coach
Earle Neale
0%
Green Bay Packers
Coach
Earl Lambeau
0%
Chicago Bears
Tackle
Ed Healey
0%
NFL
Contributor
Ed Sabol
0%
Chicago Bears
LB
Ed Sprinkle
0%
San Francisco 49ers
Owner
Edward DeBartolo Jr.
0%
Los Angeles Rams
RB
Eric Drickerson
0%
Chicago Cardinals
RB/QB
Ernie Nevers
0%
Pittsburgh Steelers
DT
Ernie Stautner
0%
Cleveland Browns
Center
Frank Gatski
0%
New York Yankees
Tackle
Frank Kinard
0%
San Francisco 49ers
Defensive End
Fred Dean
0%
Akron Pros
RB
Fritz Pollard
0%
Denver Broncos
Tackle
Gary Zimmerman
0%
Cleveland Browns
Guard
Gene Hickerson
0%
Chicago Bears
Tackle
George Connor
0%
Chicago Bears
RB
George McAfee
0%
Chicago Bears
Guard
George Musso
0%
Chicago Bears
Center
George Trafton
0%
NFL Vice PresidentGeorge Young
0%
Canton Bulldogs
Defensive End
Guy Chamberlain
0%
Green Bay Packers
DT
Henry Jordan
0%
NFL
Official
Hugh Ray
0%
Pittsburgh Steelers
DB
Jack Butler
0%
Green Bay Packers
Guard
Jerry Kramer
0%
Pittsburgh Steelers
QB
Jim Finks
0%
NFL 1920 All Decade
QB
Jimmy Conzelman
0%
Green Bay Packers
Center
Jim Ringo
0%
NFL
President
Joe Carr
0%
Buffalo Bills
Guard
Joe DeLamielleure
0%
Canton Bulldogs
RB
Joe Guyon
0%
New York Jets
DT
Joe Klecko
0%
Chicago Bears
Tackle
Joe Stydahar
0%
Green Bay Packers
RB/QB
Johnny McNally
0%
New York Giants
RB
Ken Strong
0%
Cleveland Browns
Defensive End
Len Ford
0%
San Francisco 49ers
Tackle
Leo Nomellini
0%
Los Angeles Rams
LB
Les Richter
0%
Detroit Lions
Tackle
Lou Creekmur
0%
Detroit Lions
WR
Mac Speedie
0%
Cleveland Browns
Tackle
Mike McCormack
0%
Green Bay Packers
Guard
Mike Michalske
0%
Houston Oilers
Guard
Mike Munchak
0%
New York Giants
End
Morris Badgro
0%
NFL CommissionerPaul Tagliabue
0%
Canton Bulldogs
Punter
Pete Henry
0%
Philadelphia Eagles
End
Pete Pihos
0%
Buffalo Bills
Owner
Ralph Wilson Jr.
0%
Detroit Lions
Tackle
Rayfield Wright
0%
Washington Redskins
Coach
Ray Flaherty
0%
Arizona Cardinals
DB
Roger Wehrli
0%
San Diego Chargers
Tackle
Ron Mix
0%
Green Bay Packers
President
Ron Wolf
0%
New York Giants
LB
Sam Huff
0%
Los Angeles Rams
Coach
Sid Gillman
0%
Washington Redskins
QB
Sonny Jurgenson
0%
Chicago Bears
Guard
Stan Jones
0%
NFL Films
Contributor
Steve Sabol
0%
Los Angeles Rams
Guard
Tom Mack
0%
Green Bay Packers
Back
Tony Canadeo
0%
Pittsburgh Pirates
Guard
Walt Kiesling
0%
Washington Redskins
Defensive End
Wayne Millner
0%
Canton Bulldogs
Tackle
Williams Roy Lyman
0%
Baltimore Colts
Tackle
Winston Hill
0%
Detroit Lions
Safety
Yale Lary
0%

Score Distribution

Percentile by Number Answered

Percent of People with Each Score

Your Score History

You have not taken this quiz